000
00436nam a2200133Ia 4500
008
151001s9999||||xx |||||||||||||| ||und||
100
_a
वसंतराव देवरे
245
_a
अखिल भारतीय मराठी साहित्य
250
_a
1
260
_b
सुमंगल पब्लिकेशन कंपनी मुंबई
260
_c
1999
300
_a
208
365
_b
21
999
_c
975647
_d
975644